Datum a čas kvízu
27.5
Celkem bodů
Celkový počet nahraných bodů na tomto kvízu bez doplňovacích otázek.
8.
Pořadí na kvízu
Konečné umístění týmu na tomto kvízu.
Zaznamenané odpovědi
| # | Otázka | Odpověď | Body | Výsledky |
|---|---|---|---|---|
| 1. | Ve středu jsme si prostřednict... | B) beze spěchu | 0 | |
| 2. | Jedna z evropských zemí se od... | Německo | 1 | |
| 3. | Ve středu zveřejnil americký č... | Taylor Swift | 1 | |
| 4. | Od 1. 4. 2024 se mění podmínky... | A | 0 | |
| 5. | Ve středu odstartoval ve Spoje... | bronzové medaile | 1 | |
| 6. | Zobrazený anglický lékař roku... | William Harvey | 0 | |
| 7. | Kterým slovem na M se označuje... | menarche/menarché | 0 | |
| 8. | Vyberte pravdivé tvrzení: | D | 0 | |
| 9. | Za půl bodu napište, jak se na... | Alexej; hemofilie | 0.5 | |
| 10. | Někteří bezobratlí živočichové... | hemolymfa; krvomíza | 0.5 |